Detalles MARC
| 000 -LEADER |
| fixed length control field |
02085nam a2200205 a 4500 |
| 008 - CAMPO DE CONTROL (LIBRO) |
| fixed length control field |
171103e2007 ag ||||g |||| 00| 0bspa d |
| 020 ## - INTERNATIONAL STANDARD BOOK NUMBER |
| ISBN |
9788467451221 |
| 041 ## - CODIGO DE IDIOMA |
| Código de idioma del texto/pista de sonido o título separado |
spa |
| 092 ## - SIGNATURA TOPOGRAFICA DEWEY LOCAL |
| número de clasificación |
920 |
| libristica |
11 |
| sección |
CEN |
| 100 1# - ENTRADA PRINCIPAL--NOMBRE PERSONAL |
| Nombre personal |
Centellas, Pau |
| 9 (RLIN) |
2971 |
| 245 ## - TITULO PROPIAMENTE DICHO |
| Título |
Pascal. |
| Subtítulo y Título paralelo |
Vida, pensamiento y obra / |
| Mención de responsabilidad y remanente de la transcripción de la portada |
Pau Centellas |
| 250 ## - MENCION DE EDICION |
| Mención de edición |
1a ed. |
| 260 ## - PIE DE IMPRENTA |
| Lugar de publicación, distribución, etc |
Barcelona: |
| Nombre de la editorial, distribuidor, etc |
Planeta De Agostini; |
| Fecha de publicación |
2007. |
| 300 ## - DESCRIPCION FISICA |
| Extension |
381 p. |
| 500 ## - NOTA GENERAL |
| Nota general |
Centellas, P. (2007). Pascal. Vida, obra y pensamiento. (1a ed.). España : Planeta De Agostini. |
| 505 ## - NOTA DE CONTENIDO |
| Nota de contenido formateada |
Blaise Pascal nació el 19 de junio de 1623 en Clermont-Ferrand, en Francia, en plena guerra de las religiones que asoló Europa durante 30 años, y cuyo fin, concretado en la Paz de Westfalia de 1648, supuso el nacimiento de la Europa Moderna. En esta época de grandes cambios, en la que la ciencia empezó a mostrar su poder y atractivo intelectual, Pascal desarrolló sus geniales aptitudes. Su pensamiento se detuvo, como matemático y físico, en temas tan diversos como la hidrostática, la geometría o los juegos de azar -quien no conoce, al menos de nombre, el principio hidrostático de Pascal o el teorema de Pascal-, pero también actuó, como polemista, en los grandes conflictos entre los jansenistas, con lo que compartió muchos pensamientos, y los jesuitas y la jerarquía católica. Su acelerada pluma como polemista religioso, que puso en práctica en las Cartas provinciales, de las que se presentan la primera y la decimocuarta en la sección Escritos de este volumen, y las lúcidas reflexiones de su obra póstuma Pensamientos -de los que se incluyen el "Prefacio general" y las "Partes primera y segunda"- lo reivindican como un pensador de primer orden, que en su búsqueda filosófica sitúa al hombre como prisionero de su finitud. Pau Centellas Gavín presenta, en las secciones Vida, obra y pensamiento, un cuidado ensayo que permitirá al lector reflexionar, de la mano de Pascal, sobre cuestiones muy actuales. |
| 590 ## - NOTAS LOCALES (RLIN) |
| Nota local |
Donacion Fondo Nacional de las Artes Oct2017 |
| 655 ## - MATERIA - GENERO/FORMA |
| Género/Forma |
Literatura |
| -- |
2917 |
| 942 ## - ADDED ENTRY ELEMENTS (KOHA) |
| Source of classification or shelving scheme |
Dewey Decimal Classification |
| Item type |
LITERATURA |